000 01270nam a22003617a 4500
003 CHAP
005 20220329133106.0
008 971013s1990 r 00010 d
010 _a2051
011 _a3023
035 _a2223
040 _cCHAP
090 _aTesis
100 0 0 _aEscalante Márquez, Fernando.
_937399
245 _aEvaluación del efecto tóxico del butóxido de piperonilo sobre los adultos de mosca casera (Musca doméstica L.) y mosca mexicana de la fruta (Anastrapha ludens Loew)
260 _aMonterrey, N. L. :
_bEl Autor,
_c1990
300 _a38 h.
500 _aD44-82
502 _aTesis (M.C. Esp. en Sanidad Vegetal) -- ITESM. Division de Graduados e Investigación
590 _aALEPH
_b10
_c20130110
_lUCH01
_h1211
590 _aBATCH-UPD
_b10
_c20130110
_lUCH01
_h0337
590 _aBATCH-UPD
_b10
_c20130110
_lUCH01
_h1733
590 _aBATCH-UPD
_b10
_c20130410
_lUCH01
_h1612
590 _aBATCH-UPD
_b10
_c20130914
_lUCH01
_h2110
590 _aCONVERSION
_b10
_c20130109
_lUCH01
_h1302
650 1 4 _aAnastrepha ludens.
_95487
650 1 4 _aInsecticidas.
_958855
650 1 4 _aInsecticidas
_xToxicidad.
_958882
650 1 4 _aMusca domestica.
_979867
901 _aBK
942 _cTESIS
949 _bBC
_cTES
_d-11722
_eTS1
_h24236
_i2223
_si
999 _c2051
_d2051